| 000 | 00420 a2200133 4500 | ||
|---|---|---|---|
| 082 | _a621.1 KEE | ||
| 100 | _aKeenan, Joseph H. | ||
| 245 |
_aSteam table : Thermodynamic Properties of steam Including Vapour, liquid and solid Phases (S.I. unit) _cJoseph H. Keenan |
||
| 260 | _bWiley | ||
| 300 |
_axiv 156 _bPhotocopy |
||
| 500 | _aBE textbook Aerospace | ||
| 600 | _aKeyes, Frederick G. | ||
| 942 |
_aNUST-CAE _k621.1 KEE |
||
| 999 |
_c432002 _d432002 |
||